1. FC Kaiserslautern Kader - Statistiken

Allgemein
  • Dieses Quiz wurde 146 mal gespielt
  • Das Durchschnittsergebnis liegt bei 20 aus 30
Antwortstatistiken
Number Antwort % Korrekt
13 Terrence Boyd
96%
1 Andreas Luthe
92%
8 Jean Zimmer
90%
7 Marlon Ritter
87%
11 Kenny Prince Redondo
86%
2 Boris Tomiak
84%
37 Erik Durm
83%
30 Avdo Spahic
82%
5 Kevin Kraus
82%
23 Philipp Hercher
82%
21 Hendrick Zuck
80%
25 Aaron Opoku
76%
19 Daniel Hanslik
76%
18 Julian Krahl
76%
10 Philipp Klement
72%
16 Julian Niehues
71%
27 Lex-Tyger Lobinger
71%
31 Ben Zolinski
61%
32 Robin Bormuth
61%
28 Mike Wunderlich
59%
20 Dominik Schad
52%
9 Muhammed Kiprit
48%
39 Aaron Basenach
47%
17 René Klingenburg
47%
22 Lars Bünning
46%
6 Hikmet Ciftci
45%
35 Angelos Stavridis
34%
33 Jonas-Janko Weyand
33%
15 Maximilian Hippe
24%
36 Anas Bakhat
14%
Keine übereinstimmenden Quizze gefunden
Verteilung der Resultate
Anzahl Personen mit jedem Resultat
Perzentil nach korrekt beantworteten Fragen
Ihre Resultats-Entwicklung
Sie haben dieses Quiz noch nicht gespielt